Statistiques concernant UFC trivia record

Cliquez ici pour prendre le quiz!

Statistiques générales

  • Ce quiz a été pris 286 fois
  • Le résultat moyen est 10 sur 26

Statistiques - réponses

% Correct
Nombre de victoires pour le titreJon Jones (15 combats).
96%
Nombre de combats disputés pour le titreJon Jones (16 combats).
96%
Champion le plus jeune (all time)Jon Jones (23 ans).
96%
Nombre de soumissionsCharles Oliveira (16 soumissions).
72%
Nombre de finitionsCharles Oliveira (20 finitions).
72%
Nombre de performance de la soiréeCharles Oliveira (9 "performance de la soirée").
72%
Plus grande série d'invincibilitéAnderson Silva (16 combats).
63%
Longévité du règneAnderson Silva (6 ans, 8 mois et 22 jours).
63%
Nombre de KO de la soiréeAnderson Silva (7 ko's).
63%
KO le plus rapideJorge Masvidal (5 secondes).
62%
Nombre d'amenées au sol lors d'un combatKhabib Nurmagomedov (21 takedowns ).
53%
Nombre de KODerrick Lewis (14 ko's).
39%
Nombre de victoiresJim Miller (24 victoires).
38%
Nombre de combats disputésJim Miller (38 combats).
38%
Nombre de défenses consécutives d'un titreDemetrious Johnson (11 combats).
33%
Champion le plus âgé (all time)Randy Couture (45 ans).
23%
Nombre de tentatives de takedown en un combatMerab Dvalishvili (48 tentatives)
15%
Soumission la plus rapide lors d'un combat pour le titreRonda Rousey (14 secondes).
6%
Temps total passé dans la cageRafael Dos Anjos (8 heures, 1 minute et 49 secondes
5%
Nombre de prix confondus de la soiréeDonald Cerrone (18 prix).
4%
Temps moyen passé dans la cageSergei Pavlovich (2 minutes et 24 secondes - sur 7 combats).
1%
KO le plus rapide lors d'un combat pour le titreConor McGregor (13 secondes).
0%
Nombre de combat de la soiréeEdson Barboza - Nate Diaz - Frankie Edgar (8 prix).
0%
Nombre de décisions victorieusesGeorges Saint-Pierre (12 décisions).
0%
Nombre de soumission de la soiréeJoe Lauzon (6 soumissions).
0%
Soumission la plus rapideOleg Taktarov (9 secondes).
0%

Distribution des résultats

Percentile par nombre de réponses

% des personnes avec chaque résultat

Votre développement - résultats

Vous n’avez pas pris ce quiz